| 000 | 00348nam a2200121Ia 4500 | ||
|---|---|---|---|
| 008 | 191129s9999 xx 000 0 und d | ||
| 020 | _a9780810987999 | ||
| 100 | _aKinney, Jeffrey | ||
| 245 |
_cJeffrey Kinney _aDiary of a wimpy kid: _bRoderick Rules/ |
||
| 260 |
_aNY: _bAmulet Books _c2008 |
||
| 300 |
_a216 p. ; _bill. : _c20 cm. |
||
| 650 | _aFiction | ||
| 999 |
_c362800 _d362800 |
||